000 00448cam a2200145 4500500
005 20260322004737.0
041 _afre
042 _adc
100 1 0 _aToranian, Valérie
_eauthor
245 0 0 _aQue défendre ?
260 _c2021.
500 _a23
786 0 _nRevue des deux Mondes | Octobre | 7 | 2021-10-01 | p. 4-7 | 2266-4734
856 4 1 _uhttps://shs.cairn.info/revue-revue-des-deux-mondes-2021-7-page-4?lang=fr&redirect-ssocas=7080
999 _c1742718
_d1742717